El grito en el cielo (Record no. 155361)

MARC details
000 -LEADER
campo de control de longitud fija 00949nam a22002055i 4500
001 - NÚMERO DE CONTROL
campo de control 155361
003 - IDENTIFICADOR DE NÚMERO DE CONTROL
campo de control ES-MaACL
005 - FECHA Y HORA DE LA ÚLTIMA TRANSACCIÓN
campo de control 20251014063221.0
008 - DATOS DE LONGITUD FIJA--INFORMACIÓN GENERAL
campo de control de longitud fija 991103s1870 sp |||| | spa d
040 ## - FUENTE DE CATALOGACIÓN
Centro catalogador/agencia de origen CCPB | B
Lengua de catalogación spa
Centro/agencia transcriptor CCPB | B
100 1# - ENTRADA PRINCIPAL--NOMBRE DE PERSONA
Nombre de persona Herranz y Gonzalo, Juan José,
Títulos y otros términos asociados al nombre Conde de Reparaz
9 (RLIN) 127924
245 13 - MENCIÓN DEL TÍTULO
Título El grito en el cielo
Resto del título : farsa lírica en dos actos /
Mención de responsabilidad, etc. por Juan J. Herranz y Santiago de Liniers ; música de I. Jimeno.
260 ## - PUBLICACIÓN, DISTRIBUCIÓN, ETC.
Lugar de publicación, distribución, etc. Madrid :
Nombre del editor, distribuidor, etc. [s.n.],
Fecha de publicación, distribución, etc. 1870 (
Fabricante Est. tip. de Luis Jayme)
300 ## - DESCRIPCIÓN FÍSICA
Extensión 78 p. ;
Dimensiones 19 cm.
500 ## - NOTA GENERAL
Nota general Solo la letra.
700 1# - ENTRADA AGREGADA--NOMBRE PERSONAL
Nombre de persona Liniers, Santiago de Liniers y Gallo Alcántara,
Títulos y otros términos asociados al nombre Conde de,
Fechas asociadas al nombre 1842-1908
9 (RLIN) 128961
700 1# - ENTRADA AGREGADA--NOMBRE PERSONAL
Nombre de persona Jimeno de Lerma, Ildefonso.
9 (RLIN) 128309
852 ## - LOCALIZACIÓN
Ubicación ES-MaACL
Número de control de estantería F-8624(1)
Nota libre -- Enc. pasta española
condición física -- Falto de la cub. original
Nota libre -- Enc. en un vol. facticio formando parte de la col. facticia "Teatro español moderno", vol. 79
Holdings
Estatus retirado Estado de pérdida Estado de daño No para préstamo Colección Biblioteca de origen Biblioteca actual Ubicación en estantería Fecha de adquisición Total de préstamos Signatura topográfica completa Código de barras Visto por última vez Precio de reemplazo Tipo de ítem Koha
        Libros del s. XIX Biblioteca del Ateneo de Madrid Biblioteca del Ateneo de Madrid Sala Pecera Planta 2 17/01/2008   F-8624(1) 1162513 23/02/2023 23/02/2023 Libro impreso antiguo